| 000 | 00320nam a2200121Ia 4500 | ||
|---|---|---|---|
| 008 | 241014s9999||||xx |||||||||||||| ||und|| | ||
| 020 | _a0-07-290148-9 | ||
| 100 | _aMilton Susan J | ||
| 245 | 0 | _aStatistical Methods in the Biological and Health Science | |
| 250 | _a3rd | ||
| 260 |
_bMc Graw Hill _c1999 |
||
| 942 |
_bDCOP _cBK |
||
| 999 |
_c2644 _d2644 |
||